|
|
|
|
| LEADER |
00000cam a22000004a 4500 |
| 001 |
musev2_12270 |
| 003 |
MdBmJHUP |
| 005 |
20230905041352.0 |
| 006 |
m o d |
| 007 |
cr||||||||nn|n |
| 008 |
110426s2011 nbu o 00 0 eng d |
| 010 |
|
|
|z 2011015514
|
| 020 |
|
|
|a 9780803237735
|
| 020 |
|
|
|z 0803237731
|
| 020 |
|
|
|z 9780803230026
|
| 020 |
|
|
|z 0803230028
|
| 035 |
|
|
|a (OCoLC)778433442
|
| 040 |
|
|
|a MdBmJHUP
|c MdBmJHUP
|
| 050 |
0 |
4 |
|a P302.7
|b .H64 2011
|
| 082 |
0 |
|
|a 808/.036
|2 22
|
| 100 |
1 |
|
|a Hogan, Patrick Colm.
|
| 245 |
1 |
0 |
|a Affective Narratology :
|b The Emotional Structure of Stories /
|c Patrick Colm Hogan.
|
| 264 |
|
1 |
|a Lincoln :
|b University of Nebraska Press,
|c 2011.
|
| 264 |
|
3 |
|a Baltimore, Md. :
|b Project MUSE,
|c 2012
|
| 264 |
|
4 |
|c ©2011.
|
| 300 |
|
|
|a 1 online resource (304 pages).
|
| 336 |
|
|
|a text
|b txt
|2 rdacontent
|
| 337 |
|
|
|a computer
|b c
|2 rdamedia
|
| 338 |
|
|
|a online resource
|b cr
|2 rdacarrier
|
| 490 |
0 |
|
|a Frontiers of narrative
|
| 504 |
|
|
|a Includes bibliographical references and index.
|
| 505 |
0 |
|
|a Introduction: A passion for plot -- Before stories: emotional time and Anna Karenina -- Stories and works: from ancient Egypt to postmodernism -- Universal narrative prototypes: sacrifice, heroism, and romantic love -- Cross-cultural minor genres: attachment, lust, revenge, and criminal justice -- Afterword: Stories and the training of sensibility.
|
| 588 |
|
|
|a Description based on print version record.
|
| 650 |
|
0 |
|a Narration (Rhetoric)
|
| 650 |
|
0 |
|a Emotions in literature.
|
| 650 |
|
0 |
|a Discourse analysis, Narrative.
|
| 655 |
|
7 |
|a Electronic books.
|2 local
|
| 710 |
2 |
|
|a Project Muse.
|e distributor
|
| 830 |
|
0 |
|a Frontiers of narrative.
|
| 830 |
|
0 |
|a Book collections on Project MUSE.
|
| 856 |
4 |
0 |
|z Texto completo
|u https://projectmuse.uam.elogim.com/book/12270/
|
| 945 |
|
|
|a Project MUSE - Custom Collection
|
| 945 |
|
|
|a Project MUSE - 2011 Complete
|
| 945 |
|
|
|a Project MUSE - 2011 Literature
|